Sporty podle obrázku #3 - Statistics

General Stats
  • This quiz has been taken 67 times
  • The average score is 7 of 16
Answer Stats
Picture Answer % Correct
Vodní lyžování
85%
Potápění
77%
Veslování
75%
Surfing
67%
Skoky do vody
52%
Windsurfing
52%
Rafting
48%
Paddleboarding
45%
Synchronizované plavání
42%
Kanoistika
38%
Jachting
37%
Kajak
23%
Podvodní hokej
22%
Kitesurfing
5%
Podvodní ragby
2%
Kneeboarding
0%
No matching quizzes found
Score Distribution
Percent of People with Each Score
Percentile by Number Answered
Your Score History
You have not taken this quiz